| 000 | 00550nam a2200205Ia 4500 | ||
|---|---|---|---|
| 005 | 20260429112142.0 | ||
| 008 | 260429s9999||||xx |||||||||||||| ||und|| | ||
| 020 | _a9781032261713 | ||
| 041 | _aEnglish | ||
| 082 |
_a543.56 _bJAM |
||
| 100 | _aJameson, David M. | ||
| 245 | 0 |
_aIntroduction to fluorescence / _cDavid M. Jameson |
|
| 250 | _a2nd ed. | ||
| 260 |
_aBoca Raton : _bCRC Press, _c2025. |
||
| 300 | _axviii, 374 p.; hb | ||
| 650 | _a Electromagnetic radiation | ||
| 650 | _a Instrumentation | ||
| 650 | _aFluorescence | ||
| 942 | _cTB | ||
| 999 |
_c52615 _d52615 |
||